| 000 | 00871nam a2200253 a 4500 | ||
|---|---|---|---|
| 001 | 000031668 | ||
| 003 | DO-SdBNP | ||
| 005 | 20180409134512.0 | ||
| 007 | 000031668 | ||
| 008 | 110629s1990 dr 000 0 spa d | ||
| 040 |
_aBPMSU _bspa _cBPMSU |
||
| 100 | 1 | _aDauhajre, Andrés | |
| 245 | 1 | 0 |
_aLineamientos estratégicos para el desarrollo económico de la República Dominicana / _cAndrés Dauhajre. |
| 260 |
_aSanto Domingo : _bMovimiento de Renovación, _c1990. _fEditora Taller |
||
| 300 |
_a15 p. ; _c22 cm. |
||
| 490 | 1 |
_aPublicaciones _v3 |
|
| 500 | _aDocumetno leído en el acto celebrado en el Hotel Jaragua | ||
| 830 | 0 |
_aPublicaciones _v3 |
|
| 942 |
_2ddc _cBK |
||
| 945 | _aRemanejado para la BNPHU / VM | ||
| 956 |
_aYLOCKWARD _b10 _c20110629 _lBND01 _h1419 |
||
| 956 |
_aVMATEO _b10 _c20110630 _lBND01 _h1604 |
||
| 956 |
_aVMATEO _b10 _c20151103 _lBPMSU _h00151 |
||
| 999 |
_c8532 _d8532 |
||